Ready notes for use with Financial accounting (Бичлэгийн дугаар. 146010)
| 000 -УДИРДЛАГА | |
|---|---|
| Удирдлага | 00805nam a22002657a 4500 |
| 003 - ХЯНАЛТЫН ТОО ТОДОРХОЙЛОГЧ | |
| Код | MN-UlNUM |
| 005 - БИЧИЛТ ХИЙСЭН ОГНОО | |
| Тухайн бичилтийг бичсэн засварласан сүүлийн огноо | 20251224100339.0 |
| 008 - ЕРӨНХИЙ МЭДЭЭЛЭЛ | |
| Ерөнхий мэдээлэл | 251224s1998 mauab||| |||| 001 0 eng | |
| 020 ## - ISBN | |
| ISBN | 0256254354 |
| 040 ## - БИЧЛЭГ ҮҮСГЭГЧ БАЙГУУЛЛАГА | |
| Бичлэг үүсгэгч номын сангийн код | МУИС-ийн номын сан |
| 084 ## - ББК АНГИЛАЛ | |
| Нэмэлт тусгалт | Бусад |
| ББК ангилал | 65.290-2 |
| Зохиогчийн гурван тэмдэгт | L 66 |
| Мэдлэгийн ялгаа | 65 - Эдийн засаг |
| 100 1# - ЗОХИОГЧ | |
| Зохиогчийн нэр | Libby, Robert. |
| Зохиогчийн огноо | 1942- |
| 245 10 - ҮНДСЭН ГАРЧИГ | |
| Номын нэр | Ready notes for use with Financial accounting |
| 250 ## - ДАХИН ХЭВЛЭЛТ | |
| Дахин гаралтын дугаар | 2nd ed. |
| 260 ## - ГАРАЛТЫН МЭДЭЭ | |
| Хэвлэгдсэн газар | Boston : |
| Хэвлэлийн газар | Irwin McGraw Hill, |
| Хэвлэгдсэн он | 1998. |
| 500 ## - Тайлбар | |
| Дансны дугаар | БС 4703 |
| 546 ## - ХЭЛНИЙ ТУХАЙ МЭДЭЭ | |
| Хэл | Англи хэл дээр, |
| 653 ## - Түлхүүр үг | |
| Түлхүүр үг | accounting |
| 740 ## - НОМЫН ГАРЧИГ | |
| Гарчиг | Financial statements and Business Decisions |
| 740 ## - НОМЫН ГАРЧИГ | |
| Гарчиг | Investing and Financial Decisions and the Balance Sheet |
| 740 ## - НОМЫН ГАРЧИГ | |
| Гарчиг | Operating Decisions and the Income Statements |
| 740 ## - НОМЫН ГАРЧИГ | |
| Гарчиг | The Adjustment Process and Financial Statements |
| 942 ## - ЭЛЕМЕНТИЙН ТӨРӨЛ | |
| Зүйлийн төрөл | Ном |
